Central Library || Chittagong University

The computer programmer's dictionary and handbook ./ (Record no. 109923)

MARC details
000 -LEADER
fixed length control field 00483nam a22001697a 4500
003 - CONTROL NUMBER IDENTIFIER
control field BD-ChCU
005 - DATE AND TIME OF LATEST TRANSACTION
control field 20251127131706.0
008 - FIXED-LENGTH DATA ELEMENTS--GENERAL INFORMATION
fixed length control field 251127b bg ||||| |||| 00| 0 ben d
040 ## - CATALOGING SOURCE
Transcribing agency BD-ChCU
082 ## - DEWEY DECIMAL CLASSIFICATION NUMBER
Classification number REF 510.78 SPC
100 ## - MAIN ENTRY--PERSONAL NAME
Personal name Spencer , Donald D.
9 (RLIN) 17085
245 ## - TITLE STATEMENT
Title The computer programmer's dictionary and handbook ./
Statement of responsibility, etc. D. Donald , Spencer.
260 ## - PUBLICATION, DISTRIBUTION, ETC.
Place of publication, distribution, etc. London :
Name of publisher, distributor, etc. Blaisdell ,
Date of publication, distribution, etc. C 1968
300 ## - PHYSICAL DESCRIPTION
Extent xi , 244p
650 #0 - SUBJECT ADDED ENTRY--TOPICAL TERM
Topical term or geographic name entry element Computation.
9 (RLIN) 17086
942 ## - ADDED ENTRY ELEMENTS (KOHA)
Source of classification or shelving scheme Dewey Decimal Classification
Koha item type Books
Suppress in OPAC No
Holdings
Withdrawn status Lost status Source of classification or shelving scheme Damaged status Not for loan Home library Current library Shelving location Date acquired Source of acquisition Total Checkouts Full call number Barcode Date last seen Copy number Price effective from Koha item type
    Dewey Decimal Classification     Chittagong University Library Chittagong University Library Reference 11/27/2025 Purchase   REF 510.78 SPC 61527 11/27/2025 C-1 11/27/2025 Books
© Copyright 2026. Chittagong University Library, Installation and Maintenance by Prof. Dr. Md. Alamgir, 01711306253